Basic principles and calculations in chemical engineering / (Record no. 21702)
[ view plain ]
| 000 -LEADER | |
|---|---|
| fixed length control field | 01075cam a22003015a 4500 |
| 001 - CONTROL NUMBER | |
| control field | 17077160 |
| 005 - DATE AND TIME OF LATEST TRANSACTION | |
| control field | 20201128023734.0 |
| 006 - FIXED-LENGTH DATA ELEMENTS--ADDITIONAL MATERIAL CHARACTERISTICS--GENERAL INFORMATION | |
| fixed length control field | a||||f ||z 00| 0 |
| 008 - FIXED-LENGTH DATA ELEMENTS--GENERAL INFORMATION | |
| fixed length control field | 111209t2012 njua frb 001 0 eng d |
| 020 ## - INTERNATIONAL STANDARD BOOK NUMBER | |
| International Standard Book Number | 9780132346603 |
| 020 ## - INTERNATIONAL STANDARD BOOK NUMBER | |
| International Standard Book Number | 0132346605 |
| 040 ## - CATALOGING SOURCE | |
| Original cataloging agency | DLC |
| Transcribing agency | DLC |
| Modifying agency | DLC |
| -- | EG-ScBUE |
| Language of cataloging | eng |
| 082 04 - DEWEY DECIMAL CLASSIFICATION NUMBER | |
| Classification number | 660.2 |
| Edition number | 22 |
| Item number | HIM |
| 100 1# - MAIN ENTRY--PERSONAL NAME | |
| Personal name | Himmelblau, David Mautner, |
| Dates associated with a name | 1923- |
| 9 (RLIN) | 39925 |
| 245 10 - TITLE STATEMENT | |
| Title | Basic principles and calculations in chemical engineering / |
| Statement of responsibility, etc | David M. Himmelblau, James B. Riggs. |
| 250 ## - EDITION STATEMENT | |
| Edition statement | 8th ed. |
| 260 ## - PUBLICATION, DISTRIBUTION, ETC. (IMPRINT) | |
| Place of publication, distribution, etc | Upper Saddle River : |
| Name of publisher, distributor, etc | Prentice Hall, |
| Date of publication, distribution, etc | c.2012. |
| 300 ## - PHYSICAL DESCRIPTION | |
| Extent | xx, 945 p. : |
| Other physical details | ill. ; |
| Dimensions | 26 cm. + |
| Accompanying material | 1 folded sheet of tables in pocket and 1 CD-ROM (4 3/4 in.) |
| 490 0# - Series Statement | |
| Series statement | Prentice Hall international series in the physical and chemical engineering sciences. |
| 500 ## - GENERAL NOTE | |
| General note | Index : p. 929-945. |
| 504 ## - BIBLIOGRAPHY, ETC. NOTE | |
| Bibliography, etc | Includes bibliographical references. |
| 650 #7 - SUBJECT ADDED ENTRY--TOPICAL TERM | |
| Topical term or geographic name as entry element | Chemical engineering. |
| Source of heading or term | BUEsh |
| 9 (RLIN) | 1062 |
| 651 ## - SUBJECT ADDED ENTRY--GEOGRAPHIC NAME | |
| Source of heading or term | BUEsh |
| 653 ## - INDEX TERM--UNCONTROLLED | |
| Resource For college | Engineering, Chemical |
| Arrived date list | May2016 |
| 655 ## - INDEX TERM--GENRE/FORM | |
| Form subdivision | Text book |
| -- | 33728 |
| 700 1# - ADDED ENTRY--PERSONAL NAME | |
| Personal name | Riggs, James B. |
| 9 (RLIN) | 31866 |
| 942 ## - ADDED ENTRY ELEMENTS (KOHA) | |
| Source of classification or shelving scheme | Dewey Decimal Classification |
| Withdrawn status | Item status | Source of classification or shelving scheme | Damaged status | Not for loan | Vendor | Home library | Current library | Shelving location | Date acquired | Source of acquisition | Cost, normal purchase price | Total Checkouts | Full call number | Barcode | Date last seen | Cost, replacement price | Koha item type | Total Renewals | Date last borrowed |
|---|---|---|---|---|---|---|---|---|---|---|---|---|---|---|---|---|---|---|---|
| Dewey Decimal Classification | Baccah | Central Library | Central Library | First floor | 04/05/2016 | Purchase | 950.00 | 660.2 HIM | 000032429 | 15/07/2025 | 1188.00 | NB - Book (Non borrowing) | |||||||
| Dewey Decimal Classification | Baccah | Central Library | Central Library | First floor | 04/05/2016 | Purchase | 950.00 | 660.2 HIM | 000032430 | 15/07/2025 | 1188.00 | Book - Borrowing | |||||||
| Dewey Decimal Classification | Baccah | Central Library | Central Library | First floor | 04/05/2016 | Purchase | 4 | 660.2 HIM | 000032431 | 15/07/2025 | Book - Borrowing | 28 | 24/02/2019 | ||||||
| Dewey Decimal Classification | Baccah | Central Library | Central Library | First floor | 04/05/2016 | Purchase | 660.2 HIM | 000032432 | 24/08/2022 | CD | DVD - With book (NB) | |||||||||
| Dewey Decimal Classification | Baccah | Central Library | Central Library | First floor | 04/05/2016 | Purchase | 660.2 HIM | 000032433 | 24/08/2022 | CD | DVD - With book | |||||||||
| Dewey Decimal Classification | Baccah | Central Library | Central Library | First floor | 04/05/2016 | Purchase | 1 | 660.2 HIM | 000032434 | 24/08/2022 | CD | DVD - With book | 19/04/2018 |